000 00567nam a2200217Ia 4500
003 OSt
005 20230504162809.0
008 210423s2008 xx 000 0 und d
020 _a9780521090698
040 _cAL
041 _aeng
082 _a531.11 GRIJ
_223
100 _aGRIFFITHS (J B).
_997972
245 _aTheory of classical dynamics.
260 _aLondon
_bCambridge University Press
_c2008
300 _axiv,315
_bPB
365 _b2483
_cINR
650 _aClassical Mechanics
_997973
906 _aclassical ; dynamics. ; Theory
942 _2ddc
_cBK
999 _c162113
_d162113